00338nam a2200133Ia 4500008004100000020001500041041001200056082001600068100002000084245005100104260002500155300000800180650001600188221030s9999 xx 000 0 und d a8120314468 aEnglish a105.23bMuk aD. P. Mukherjee 0aFundamentals of Computer Graphics & Multimedia bPHIaNew Delhic1999 a182 aBE Computer